000 00363nam a2200145Ia 4500
008 150201s2001 xx 000 0 und d
082 _aR2001W
_b617.525
100 _aWEERDA,HILKO
245 _aRECONSTRACTIVE FACIAL PLASTICS SURGERY
250 _a1ST
260 _bTHIENE PUBLICATION
_aNEW YORK
_c2001
300 _a1-148
650 _aSURGERY
942 _2ddc
_cBK
999 _c3764
_d3764